00658 a2200169 45000010006000000050017000060080041000230030015000640400040000790800077001192450055001962640032002513000018002830410008003011000057003098560122003663025520260407155614.0260407a1999 arg spa dAR-UNSa-BCEJYS aAR-UNSa-BCEJYSbspacAR-UNSa-BCEJYS a311.3xOrganización general de las estadisticas. Estadística oficial10aSinopsis estadísticanStatistical Synopsisp1999 1aBuenos Aires :bINDECc1999 a53 p.c21 cm. aspa1 aInstituto Nacional de Estadística y Censos (INDEC)41uhttps://biblioeco.unsa.edu.ar/pmb/images/revistas/Sinopsis Estadistica 1999-d00018.jpgyImagen de portadaqimage/jpeg